| 000 | 01394nam a22002777a 4500 | ||
|---|---|---|---|
| 001 | BR2023001964 | ||
| 003 | BR-BrBNA | ||
| 005 | 20231019121433.0 | ||
| 008 | 231018b2018 bl.a|||| |||| 00| 0 por d | ||
| 040 |
_aBR-BrBNA _bpor |
||
| 041 | _apor | ||
| 041 | _aeng | ||
| 072 |
_aF01; F08; J11 _b0710 |
||
| 100 | _aKist, Benno Bernardo | ||
| 245 |
_aMaçã : _bAnuário Brasileiro da Maçã 2018 |
||
| 260 |
_aSanta Cruz do Sul, RS (Brasil) : _bGazeta, _c2018 |
||
| 300 | _a56 p. | ||
| 490 |
_aAnuário brasileiro da maça 2018; brazilian apple yearbook _vno. A636 _x2446-8657 |
||
| 520 | _aConhecida desde os primórdios dos tempos, a maçã possui também a sua história no Brasil. Aqui pode ser considerada ainda recente, mas é por certo muito intensa e bela, como a própria fruta se apresenta ao ser colhida nos vastos pomares implantados. Com cerca de meio século de introdução comercial no País, já tem quatro décadas de vida organizada na Associação Brasileira dos Produtores de Maçã (ABPM) e mostra estrutura produtiva de primeira linha, para atender com toda a qualidade aos consumidores nacionais e internacionais. | ||
| 650 | _aMACA | ||
| 650 | _aCOLHEITA | ||
| 650 | _aSISTEMA DE CULTIVO | ||
| 856 | _uhttps://www.editoragazeta.com.br/sitewp/wp-content/uploads/2018/06/Ma%C3%A7%C3%A3_2018_Site-Editora.pdf | ||
| 909 |
_a202310 _bWanessa Ribeiro |
||
| 942 | _cMS | ||
| 999 |
_c86521 _d86521 |
||